Подробности
| 000 -МАРКЕР |
| контрольное поле |
01101nam0a22002771 4500 |
| 001 - ИДЕНТИФИКАТОР ЗАПИСИ |
| контрольное поле |
rc\324548 |
| 005 - ИДЕНТИФИКАТОР ВЕРСИИ |
| контрольное поле |
20260313113417.0 |
| 010 ## - МЕЖДУНАРОДНЫЙ СТАНДАРТНЫЙ НОМЕР КНИГИ (ISBN) |
| Номер (ISBN) |
5-08-000116-X |
| Тираж |
150000 |
| 035 ## - ДРУГИЕ СИСТЕМНЫЕ НОМЕРА |
| Идентификатор записи |
(NLR Aleph) 005558570 |
| 100 ## - ДАННЫЕ ОБЩЕЙ ОБРАБОТКИ |
| Данные общей обработки |
20030307d1989 u y0rusy50 ca |
| 101 0# - ЯЗЫК РЕСУРСА |
| Язык текста, звукозаписи и т.д. |
русский |
| 102 ## - СТРАНА ПУБЛИКАЦИИ ИЛИ ПРОИЗВОДСТВА |
| Страна публикации |
Российская Федерация |
| 105 ## - ПОЛЕ КОДИРОВАННЫХ ДАННЫХ: ТЕКСТОВЫЕ МАТЕРИАЛЫ, МОНОГРАФИЧЕСКИЕ |
| Кодированные данные о монографическом текстовом документе |
a ||||||||| |
| 200 1# - ЗАГЛАВИЕ И СВЕДЕНИЯ ОБ ОТВЕТСТВЕННОСТИ |
| Основное заглавие |
Кукла |
| Сведения, относящиеся к заглавию |
[Для дошк. возраста] |
| Первые сведения об ответственности |
Г. Черкашин |
| Последующие сведения об ответственности |
Рис. Г.А.В. Траугот |
| 210 ## - ПУБЛИКАЦИЯ, РАСПРОСТРАНЕНИЕ И ДР. |
| Место издания, распространения и т.д. |
Л. |
| Имя издателя, распространителя и т. д. |
Дет. лит. Ленингр. отд-ние |
| Дата издания, распространения и т.д. |
1989 |
| 215 ## - ФИЗИЧЕСКАЯ ХАРАКТЕРИСТИКА |
| Специфическое обозначение материала и объем |
30, [2] с. |
| Другие сведения о физической характеристике |
цв. ил. |
| Размеры |
28 |
| 700 #1 - ИМЯ ЛИЦА - ПЕРВИЧНАЯ ОТВЕТСТВЕННОСТЬ |
| Графика поля |
Кириллица |
| Материалы, к которым относится поле |
rus |
| Начальный элемент ввода |
Черкашин |
| Часть имени, кроме начального элемента ввода |
Г. А. |
| Даты |
1936-1996 |
| Расширение инициалов личного имени |
Геннадий Александрович |
| Системный номер авторитетной/нормативной записи |
6939 |
| Идентификатор авторитетной/нормативной записи |
RU\NLR\AUTH\7723886 |
| 702 #1 - ИМЯ ЛИЦА - ВТОРИЧНАЯ ОТВЕТСТВЕННОСТЬ |
| Код отношения |
Иллюстратор |
| Графика поля |
Кириллица |
| Материалы, к которым относится поле |
rus |
| Начальный элемент ввода |
Траугот |
| Часть имени, кроме начального элемента ввода |
А. Г. |
| Даты |
1931- |
| Расширение инициалов личного имени |
Александр Георгиевич |
| Системный номер авторитетной/нормативной записи |
29695 |
| Идентификатор авторитетной/нормативной записи |
RU\NLR\AUTH\7746760 |
| 702 #1 - ИМЯ ЛИЦА - ВТОРИЧНАЯ ОТВЕТСТВЕННОСТЬ |
| Код отношения |
Иллюстратор |
| Графика поля |
Кириллица |
| Материалы, к которым относится поле |
rus |
| Начальный элемент ввода |
Траугот |
| Часть имени, кроме начального элемента ввода |
В. Г. |
| Даты |
1936-2009 |
| Расширение инициалов личного имени |
Валерий Георгиевич |
| Системный номер авторитетной/нормативной записи |
29694 |
| Идентификатор авторитетной/нормативной записи |
RU\NLR\AUTH\7746759 |
| 801 #0 - ИСТОЧНИК ЗАПИСИ |
| Страна |
Российская Федерация |
| Организация |
NLR |
| Правила каталогизации |
psbo |
| 801 #1 - ИСТОЧНИК ЗАПИСИ |
| Страна |
Российская Федерация |
| Организация |
ELAR |
| Источник данных |
rusmarc |
| 852 ## - МЕСТОНАХОЖДЕНИЕ И ШИФР ХРАНЕНИЯ |
| Идентификатор организации |
NLR |
| Шифр хранения (Call Number) |
89-8/1574 |
| 942 ## - ДОПОЛНИТЕЛЬНЫЕ ЭЛЕМЕНТЫ ЗАПИСИ (АБИС) |
| Тип экземпляра АБИС |
Книга |
| 980 ## - КОЛЛЕКЦИЯ |
| Название коллекции |
Национальная библиография |